000 00515nam a2200193Ia 4500
005 20260429111919.0
008 260429s9999||||xx |||||||||||||| ||und||
020 _a9789383101979
041 _aEnglish
082 _a572.8
_bRAN
100 _aRana, Rashmi
245 0 _aTechniques in molecular biology /
_cRashmi Rana
260 _aJaipur :
_bAgrotech Press,
_c2025.
300 _aviii, 272 p.; hb
650 _a Biochemical genetics
650 _a Molecular biology
650 _aBiochemistry
942 _cTB
999 _c51402
_d51402